Philosophia naturalis Guilielmi Occham /

Bibliographic Details
Main Author: William, of Ockham, approximately 1285-approximately 1349
Format: Book
Language:Latin
Published: London, England : Gregg Press, 1963.
Subjects:

MARC

Tag First Indicator Second Indicator Subfields
LEADER 00000cam a2200000 a 4500
001 in00000629521
005 20151015053521.0
008 740503r19631637enk 00010 lat d
035 |a (OCoLC)00877653 
035 |9 ACU5522AM 
040 |c TOL  |d TXA  |d UtOrBLW 
049 |a TXAM  |c [984771] 
090 |a B765.W5  |b P45 1963 
100 0 |a William,  |c of Ockham,  |d approximately 1285-approximately 1349. 
245 1 0 |a Philosophia naturalis Guilielmi Occham /  |c Angli Min. Con. Eminentissimo principi, Francisco Mariae. 
264 1 |a London, England :  |b Gregg Press,  |c 1963. 
300 |a 112 pages ;  |c 22 cm. 
336 |a text  |b txt  |2 rdacontent 
337 |a unmediated  |b n  |2 rdamedia 
338 |a volume  |b nc  |2 rdacarrier 
500 |a Reprint of original published: Rome : Baptistai Robletti, 1637. 
650 0 |a Physics. 
999 |a MARS 
999 f f |s e2312921-0d78-33d8-8d6c-fe0436130c0a  |i f2f5e02f-bf32-36f0-a6a0-f430094e1607  |t 0 
952 f f |p ric  |a Texas A&M University  |b Rellis Campus  |c Joint Library Facility  |d Remote Storage  |t 0  |e B765.W5 P45 1963  |h Library of Congress classification  |i unmediated -- volume  |m A14801598142 
998 f f |a B765.W5 P45 1963  |t 0  |l Remote Storage